2010 Champions League Final Bayern Munich - Inter Milan - Statistics

General Stats
  • This quiz has been taken 1,390 times
  • The average score is 17 of 29
Answer Stats
Player % Correct
Diego Milito ²
89%
Philipp Lahm
85%
Arjen Robben
84%
Júlio César
83%
Samuel Eto'o
82%
Javier Zanetti
80%
Thomas Müller
78%
Wesley Sneijder
78%
Bastian Schweinsteiger
75%
José Mourinho
74%
Lúcio
74%
Maicon
72%
Esteban Cambiasso
66%
Mario Gómez
64%
Walter Samuel
60%
Goran Pandev
59%
Cristian Chivu
56%
Daniel Van Buyten
50%
Hans-Jörg Butt
48%
Miroslav Klose
47%
Ivica Olić
46%
Dejan Stanković
43%
Marco Materazzi
41%
Louis van Gaal
37%
Mark van Bommel
36%
Martín Demichelis
35%
Holger Badstuber
34%
Sulley Muntari
20%
Hamit Altıntop
19%
No matching quizzes found
Score Distribution
Percent of People with Each Score
Percentile by Number Answered
Your Score History
You have not taken this quiz